000 00541nam a22001817a 4500
003 NUST
038 _aNusrat Nadeem
040 _cCentral Library
082 _aBEE-5 AYE
100 _aAyesha Rehman , Nida Khalil,Uzma Batool.
_991950
245 _aEnergy Extraction from RF/ Microwave Signal
260 _aIslamabad,
_bNUST SEECS,
_c2012
300 _a70,pages
_bHB,
_c30,cm.
563 _aHB.
700 _aSupervisor : Dr. Tauseef Tauqeer
_991883
856 _uhttp://10.250.8.41:8080/xmlui/handle/123456789/10675
942 _2ddc
_cTHE
999 _c590064
_d590064